| 000 | 01467cam a22003737a 4500 | ||
|---|---|---|---|
| 003 | CHAP | ||
| 005 | 20230822114556.0 | ||
| 008 | 971013s1991 r 00010 d | ||
| 010 | _a3545 | ||
| 011 | _a4517 | ||
| 035 | _a3721 | ||
| 040 | _cCHAP | ||
| 082 |
_a631.522 _bO78 |
||
| 100 | 0 | 0 |
_aOrtega Paczka, Rafael Ángel del Sagrado Corazón _983853 |
| 245 | 0 | _aAvances en el estudio de los recursos fitogenéticos de México | |
| 260 |
_aChapingo, Méx. : _bSociedad Mexicana de Fitogenética, _c1991 |
||
| 300 |
_a449 p. _b; mapas |
||
| 590 |
_aBATCH-UPD _b10 _c20130110 _lUCH01 _h0923 |
||
| 590 |
_aBATCH-UPD _b10 _c20130410 _lUCH01 _h0545 |
||
| 590 |
_aBATCH-UPD _b10 _c20130914 _lUCH01 _h1537 |
||
| 590 |
_aCONVERSION _b10 _c20130109 _lUCH01 _h1303 |
||
| 650 | 1 | 4 | _aGenética vegetal. |
| 650 | 1 | 4 |
_aGermoplasma. _947766 |
| 650 | 1 | 4 |
_aPlantas comestibles. _988906 |
| 650 | 1 | 4 |
_aPlantas _xMejoramiento. _988849 |
| 711 | 0 |
_aReunión sobre Recursos Fitogenéticos de México _n(3 : _d1991 : _cMéxico, D.F.) _996655 |
|
| 901 | _aBK | ||
| 942 | _cLIBRO | ||
| 949 |
_a631.522 O78 _bBC _cCONG _d-13246 _eCONG _h79761 _i3721 _mD _si |
||
| 949 |
_a631.522 O78 _bBC _cLIBRO _d33724000087813 _eLIBRO _fc.2 _gI.c/e _h83423 _i3721 _si _t100.00 |
||
| 949 |
_a631.522 O78 _bBC _cLIBRO _d33724000847091 _eLIBRO _fc.4 _h99991 _i3721 _si |
||
| 949 |
_a631.522 O78 _bBC _cLIBRO _d33724000898839 _eLIBRO _fc.5 _h103680 _i3721 _si |
||
| 949 |
_a631.522 O78 _bBC _cLIBRO _d33724000902672 _eLIBRO _fc.3 _h87059 _i3721 _mD _si |
||
| 999 |
_c3545 _d3545 |
||